Statistics for Borussia Mönchengladbach Squad 2014/2015

Click here to take the quiz!

General Stats

  • This quiz has been taken 17 times
    (16 since last reset)
  • The average score is 19 of 26

Answer Stats

HintAnswer% Correct
10FWKruse
100%
33GKHeimeroth
91%
23MFKramer
91%
11FWRaffael
91%
1GKSommer
91%
39DFStranzl
91%
4DFBrouwers
82%
28MFHahn
82%
24DFJantschke
82%
34MFXhaka
82%
21GKBlaswich
73%
26MFHazard
73%
7MFHerrmann
73%
31FWHrgota
73%
27DFKorb
73%
8MFTraore
73%
17DFWendt
73%
6MFDahoud
64%
15DFDominguez
64%
19DFJohnson
64%
14MFMarx
64%
16MFNordtveit
64%
36FWRitter
64%
35MFSchulz
55%
20DFBrandenburger
18%
3DFDeams
18%

Score Distribution

Percentile by Number Answered

Percent of People with Each Score

Your Score History

You have not taken this quiz since the last reset